| 000 -ლიდერი |
| ფიქსირებული სიგრძის საკონტროლო ველი |
01275nam a22002297a 4500 |
| 003 - საკონტროლო ნომრის იდენტიფიკატორი |
| საკონტროლო ველი |
Ge_BSU |
| 005 - ბოლო ოპერაციის თარიღი და დრო |
| საკონტროლო ველი |
20230621093712.0 |
| 008 - ფიქსირებული სიგრძის მონაცემთა ელემენტები - ზოგადი ინფორმაცია |
| ფიქსირებული სიგრძის საკონტროლო ველი |
230621s1999 ge ||||| |||| 00| 0 geo d |
| 020 ## - წიგნის საერთაშორისო სტანდარტული ნომერი |
| International Standard Book Number |
999286544X |
| 041 ## - ენის კოდი |
| Language code of text/sound track or separate title |
geo |
| 080 ## - უნივერსალური ათობითი კლასიფიკაციის ინდექსი |
| Universal Decimal Classification number |
821.14'01-21 ე-35 |
| 100 ## - მთავარი ჩანაწერი - პიროვნების სახელი |
| Personal name |
ევრიპიდე |
| 9 (RLIN) |
15553 |
| 245 ## - ცნობა სათაურის შესახებ |
| Title |
მედეა / |
| Statement of responsibility, etc |
ძვ. ბერძნ. თარგმნა ბაჩანა ბრეგვაძემ.; წინასიტყვ. და კომენტ. რისმაგ გორდეზიანისა; [რედ.: ლაშა ბერაია]; თსუ, კლასიკ. ფილოლ., ბიზანტ. და ნეოგრეც. ინ-ტი. |
| 250 ## - გამოცემის ცნობა |
| Edition statement |
მე-2 შესწ. გამოც. |
| 264 ## - წარმოების, გამოცემის, დისტრიბუციის და სხვა ცნობები |
| გამოცემის, წარმოების, დისტრიბუციის... ადგილი |
თბილისი : |
| გამოცემის, წარმოების, დისტრიბუციის... სახელწოდება |
ლოგოსი, |
| გამოცემის, წარმოების, დისტრიბუციის... თარიღი |
1999. |
| 300 ## - ფიზიკური აღწერა |
| Extent |
82 გვ. ; |
| Other physical details |
17 სმ. |
| 653 ## - INDEX TERM--UNCONTROLLED |
| Uncontrolled term |
მედეა |
| 700 ## - ADDED ENTRY--PERSONAL NAME |
| Personal name |
გორდეზიანი, რისმაგ |
| Relator term |
წინასიტყვაობის ავტორი |
| 9 (RLIN) |
18839 |
| 700 ## - ADDED ENTRY--PERSONAL NAME |
| Personal name |
ბერაია, ლაშა |
| Relator term |
რედაქტორი |
| 9 (RLIN) |
18840 |
| 710 ## - ADDED ENTRY--CORPORATE NAME |
| Corporate name or jurisdiction name as entry element |
თსუ |
| Subordinate unit |
კლასიკ. ფილოლ., ბიზანტ. და ნეოგრეც. ინ-ტი. |
| 9 (RLIN) |
17890 |
| 942 ## - ADDED ENTRY ELEMENTS (KOHA) |
| Source of classification or shelving scheme |
|
| Koha item type |
წიგნი |